[Event "Gibtelecom AmatWk1 7th"]
[Site "Gibraltar"]
[Date "2009.01.30"]
[Round "5.2"]
[White "Goodfellow, Russell"]
[Black "Kuenitz, Klaus"]
[Result "1-0"]
[WhiteElo "1688"]
[BlackElo "1663"]
[PlyCount "91"]
[EventDate "2009.01.27"]
[EventType "swiss"]
[EventRounds "5"]
[EventCountry "GGB"]
[SourceTitle "BritBase"]
[Source "www.saund.co.uk"]
[SourceDate "2018.02.10"]
[SourceVersion "1"]
[SourceVersionDate "2018.02.10"]
[SourceQuality "1"]

1. e4 e6 2. d4 d5 3. Nd2 dxe4 4. Nxe4 Nd7 5. Nf3 Ngf6 6. Ned2 c5 7. Nb3 Qc7 8.
c3 a6 9. g3 b5 10. Bf4 Bd6 11. Bxd6 Qxd6 12. dxc5 Qxd1+ 13. Rxd1 Bb7 14. Bg2
Rc8 15. Na5 Bxf3 16. Bxf3 Nxc5 17. O-O O-O 18. Rd2 e5 19. Bc6 Rfd8 20. Rfd1
Rxd2 21. Rxd2 Kf8 22. b4 Na4 23. c4 Rb8 24. Rc2 Ne8 25. c5 Rd8 26. Bb7 Nc7 27.
Nc6 Rd1+ 28. Kg2 f6 29. Nb8 Rd4 30. Nxa6 Nxa6 31. Bxa6 Rxb4 32. c6 Nb6 33. c7
Rc4 34. Rxc4 bxc4 35. c8=Q+ Nxc8 36. Bxc8 g6 37. Kf3 Ke7 38. Ke3 Kd6 39. Kd2 f5
40. Kc3 f4 41. Kxc4 g5 42. Bb7 h5 43. Be4 h4 44. gxh4 g4 45. h5 f3 46. h6 1-0

[Event "Gibtelecom AmatWk1 7th"]
[Site "Gibraltar"]
[Date "2009.01.30"]
[Round "5.3"]
[White "Naldrett, Geoffrey William"]
[Black "Aagedal, Geir Ole"]
[Result "1/2-1/2"]
[WhiteElo "1600"]
[BlackElo "1832"]
[PlyCount "154"]
[EventDate "2009.01.27"]
[EventType "swiss"]
[EventRounds "5"]
[EventCountry "GGB"]
[SourceTitle "BritBase"]
[Source "www.saund.co.uk"]
[SourceDate "2018.02.10"]
[SourceVersion "1"]
[SourceVersionDate "2018.02.10"]
[SourceQuality "1"]

1. Nf3 Nf6 2. g3 g6 3. Bg2 Bg7 4. O-O O-O 5. c4 c5 6. Nc3 Nc6 7. d3 d6 8. a3
Bd7 9. Rb1 Rb8 10. b4 Ne8 11. Bd2 b6 12. e3 Qc8 13. Nd5 e6 14. Nf4 Ne7 15. b5
d5 16. Qb3 dxc4 17. dxc4 Qc7 18. Bc3 e5 19. Nd5 Nxd5 20. cxd5 Bf5 21. Rbd1 c4
22. Qb2 Bd3 23. Rxd3 cxd3 24. Bxe5 Rc8 25. Bxg7 Nxg7 26. Qd2 Qc3 27. Rd1 Qxa3
28. Ne5 Rc3 29. Bf1 Rfc8 30. Nc6 Rc5 31. Ne7+ Kf8 32. Nxc8 Rxc8 33. Qxd3 Qd6
34. e4 Ne8 35. Ra1 Rc7 36. Qa3 Qxa3 37. Rxa3 Nd6 38. e5 Nf5 39. d6 Rd7 40. Bh3
Ke8 41. f4 Rb7 42. Bxf5 gxf5 43. Kf2 Kd7 44. Ke3 Ke6 45. Rc3 Rd7 46. Kd4 f6 47.
h4 h5 48. Rc8 Rg7 49. Rc7 fxe5+ 50. fxe5 Rg4+ 51. Ke3 Re4+ 52. Kf3 Rxe5 53.
Rxa7 Kxd6 54. Rh7 Rxb5 55. Rxh5 Ke6 56. Rg5 Ke5 57. h5 Rb3+ 58. Kg2 Kf6 59.
Rg6+ Kf7 60. Kh2 b5 61. Rb6 Rb2+ 62. Kh3 b4 63. Kh4 Rh2+ 64. Kg5 Rh3 65. Rxb4
Rxg3+ 66. Kh4 Rg8 67. Rc4 Ke6 68. h6 Kd5 69. Rc7 Ke4 70. Rg7 Rh8 71. Kg5 f4 72.
Kg6 f3 73. h7 f2 74. Rf7 Ke3 75. Kg7 Ra8 76. h8=Q Rxh8 77. Kxh8 Ke2 1/2-1/2

[Event "Gibtelecom AmatWk1 7th"]
[Site "Gibraltar"]
[Date "2009.01.30"]
[Round "5.4"]
[White "Salomon, Johan"]
[Black "Viera Falcon, Cristo"]
[Result "0-1"]
[WhiteElo "1174"]
[BlackElo "1750"]
[PlyCount "131"]
[EventDate "2009.01.27"]
[EventType "swiss"]
[EventRounds "5"]
[EventCountry "GGB"]
[SourceTitle "BritBase"]
[Source "www.saund.co.uk"]
[SourceDate "2018.02.10"]
[SourceVersion "1"]
[SourceVersionDate "2018.02.10"]
[SourceQuality "1"]

1. e4 d5 2. exd5 Nf6 3. Nf3 Nxd5 4. d4 g6 5. c4 Nb6 6. Nc3 Bg7 7. Be3 c6 8. Be2
O-O 9. O-O Bg4 10. b3 Bxf3 11. Bxf3 N8d7 12. Rc1 e6 13. Qd2 h5 14. Rfd1 Re8 15.
Ne4 Qe7 16. Nc3 Rad8 17. Re1 Qb4 18. Bh6 e5 19. Bxg7 Kxg7 20. d5 cxd5 21. Bxd5
Nf6 22. Rcd1 Nbxd5 23. Nxd5 Nxd5 24. cxd5 Qxd2 25. Rxd2 f5 26. f3 Kf6 27. Kf2
Rd6 28. Red1 Rc8 29. g3 g5 30. h3 Rc3 31. Kg2 Rd7 32. Kf2 e4 33. fxe4 fxe4 34.
Re1 Kf5 35. d6 Rf3+ 36. Kg2 Ke5 37. Rde2 Rd3 38. Rxe4+ Kxd6 39. Re5 Rg7 40.
R1e2 h4 41. g4 Rg3+ 42. Kh2 Rf7 43. Rxg5 Rff3 44. Rd2+ Kc6 45. b4 Rxh3+ 46. Kg1
Rfg3+ 47. Rg2 Rc3 48. Rf5 Rhg3 49. g5 Rxg2+ 50. Kxg2 Rg3+ 51. Kf2 Rg4 52. Kf3
Rg1 53. Kf2 Rg3 54. Rf6+ Kb5 55. Rf7 b6 56. Rh7 Rxg5 57. Rxh4 Re5 58. a3 a6 59.
Rh6 a5 60. bxa5 Kxa5 61. Rh4 b5 62. Rb4 Re6 63. Kf3 Re1 64. Kf2 Ra1 65. Ke2
Rxa3 66. Rh4 {illegible} 0-1

[Event "Gibtelecom AmatWk1 7th"]
[Site "Gibraltar"]
[Date "2009.01.30"]
[Round "5.6"]
[White "Carlsen, Ellen Oen"]
[Black "Gates, David A"]
[Result "1-0"]
[WhiteElo "1748"]
[BlackElo "1738"]
[PlyCount "103"]
[EventDate "2009.01.27"]
[EventType "swiss"]
[EventRounds "5"]
[EventCountry "GGB"]
[SourceTitle "BritBase"]
[Source "www.saund.co.uk"]
[SourceDate "2018.02.10"]
[SourceVersion "1"]
[SourceVersionDate "2018.02.10"]
[SourceQuality "1"]

1. e4 c6 2. d4 d5 3. Nd2 dxe4 4. Nxe4 Bf5 5. Nc5 b6 6. Nb3 e6 7. Nf3 Nd7 8. Bd3
Bxd3 9. Qxd3 Ngf6 10. Bg5 Be7 11. O-O O-O 12. Rad1 Rc8 13. c4 b5 14. cxb5 cxb5
15. Qxb5 Nd5 16. Bxe7 Qxe7 17. Rfe1 N7f6 18. Nc5 Rb8 19. Qe2 Nf4 20. Qd2 N6d5
21. g3 Ng6 22. Ne5 Nxe5 23. Rxe5 Rfd8 24. b3 Qf6 25. Ne4 Qe7 26. Nc3 Nxc3 27.
Qxc3 f6 28. Rc5 g5 29. Qc4 Rb7 30. Re1 Rd6 31. d5 e5 32. Rc1 e4 33. Rc6 Rbd7
34. Rxd6 Rxd6 35. Re1 f5 36. g4 Qe5 37. gxf5 Rh6 38. d6+ Kg7 39. Qc7+ Kf6 40.
Qe7+ Kxf5 41. Qxe5+ Kxe5 42. f3 Rxd6 43. Rxe4+ Kf5 44. Kf2 h5 45. Kg3 a5 46. h4
g4 47. Rf4+ Ke5 48. fxg4 hxg4 49. Kxg4 Rg6+ 50. Kf3 Kd5 51. Rf5+ Kc6 52. Rxa5
1-0

[Event "Gibtelecom AmatWk1 7th"]
[Site "Gibraltar"]
[Date "2009.01.30"]
[Round "5.7"]
[White "Badillo Garcia, Aztlan"]
[Black "Chidi, Lovinia Sylvia"]
[Result "1-0"]
[WhiteElo "1383"]
[BlackElo "1588"]
[PlyCount "53"]
[EventDate "2009.01.27"]
[EventType "swiss"]
[EventRounds "5"]
[EventCountry "GGB"]
[SourceTitle "BritBase"]
[Source "www.saund.co.uk"]
[SourceDate "2018.02.10"]
[SourceVersion "1"]
[SourceVersionDate "2018.02.10"]
[SourceQuality "1"]

1. e4 c6 2. d4 d5 3. e5 e6 4. a3 c5 5. c3 Ne7 6. Nf3 cxd4 7. cxd4 Nec6 8. Nc3
a6 9. Bd3 Be7 10. O-O b5 11. Qc2 g6 12. Bh6 Bf8 13. Bf4 Qb6 14. Rfc1 Bb7 15.
Ne2 Nd7 16. b3 Bg7 17. Bg5 O-O 18. h4 Ndxe5 19. dxe5 Nxe5 20. Nxe5 Bxe5 21.
Rab1 Rfc8 22. Qd2 h5 23. Bh6 Bg7 24. Qg5 Bxh6 25. Qxh6 e5 26. Ng3 e4 27. Nxh5
1-0

[Event "Gibtelecom AmatWk1 7th"]
[Site "Gibraltar"]
[Date "2009.01.30"]
[Round "5.8"]
[White "Rashleigh, Jonathan"]
[Black "Garcia Lechugo, Francisco"]
[Result "1/2-1/2"]
[WhiteElo "1584"]
[BlackElo "1688"]
[PlyCount "71"]
[EventDate "2009.01.27"]
[EventType "swiss"]
[EventRounds "5"]
[EventCountry "GGB"]
[SourceTitle "BritBase"]
[Source "www.saund.co.uk"]
[SourceDate "2018.02.10"]
[SourceVersion "1"]
[SourceVersionDate "2018.02.10"]
[SourceQuality "1"]

1. e4 d5 2. exd5 Nf6 3. Nf3 Qxd5 4. Nc3 Qh5 5. d4 Bg4 6. Be2 c6 7. Bf4 Bxf3 8.
Bxf3 Qa5 9. O-O e6 10. Ne4 Nbd7 11. Nd6+ Bxd6 12. Bxd6 O-O-O 13. c4 Nb6 14. c5
Nbd5 15. a3 Rd7 16. b4 Qd8 17. Qc2 Ne8 18. b5 Nxd6 19. bxc6 bxc6 20. cxd6 Rxd6
21. Qa4 Qc7 22. Be2 Kd7 23. Rfc1 Rb8 24. Rc2 Ke7 25. Rac1 Rb6 26. g3 Qb7 27.
Kg2 Kf8 28. Rc5 Nc7 29. Ra5 a6 30. Rac5 Nb5 31. R5c4 Qd7 32. Rd1 e5 33. dxe5
Rxd1 34. Bxd1 Qd5+ 35. Bf3 Qxe5 36. Rxc6 1/2-1/2

[Event "Gibtelecom AmatWk1 7th"]
[Site "Gibraltar"]
[Date "2009.01.30"]
[Round "5.9"]
[White "McGladdery, David G"]
[Black "Garcia, Mario"]
[Result "1-0"]
[WhiteElo "1512"]
[BlackElo "1663"]
[PlyCount "111"]
[EventDate "2009.01.27"]
[EventType "swiss"]
[EventRounds "5"]
[EventCountry "GGB"]
[SourceTitle "BritBase"]
[Source "www.saund.co.uk"]
[SourceDate "2018.02.10"]
[SourceVersion "1"]
[SourceVersionDate "2018.02.10"]
[SourceQuality "1"]

1. Nf3 Nf6 2. c4 d6 3. d4 g6 4. Nc3 Bg7 5. e3 O-O 6. Bd3 Bg4 7. h3 Bxf3 8. Qxf3
e5 9. Qxb7 Nbd7 10. O-O Re8 11. Nb5 Qc8 12. Qxc7 Qb8 13. Qxb8 Raxb8 14. Nxd6
Red8 15. Rb1 Nb6 16. dxe5 Nfd7 17. f4 Bxe5 18. Nxf7 Kxf7 19. fxe5+ Ke6 20. b3
Nxe5 21. Be2 Nbd7 22. Bb2 Nc6 23. Bc3 Nde5 24. Rfd1 a5 25. Rxd8 Rxd8 26. a4 Nb4
27. Bxb4 axb4 28. Rd1 Rxd1+ 29. Bxd1 Nd3 30. Kf1 Kd6 31. Ke2 Ne5 32. Bc2 Kc5
33. Bb1 Kd6 34. e4 Nd7 35. Ke3 Ke5 36. a5 Nc5 37. Bc2 Na6 38. g3 h6 39. Bd1 h5
40. h4 Nc5 41. Bc2 Na6 42. Kf3 Nc5 43. g4 Kd4 44. e5 hxg4+ 45. Kxg4 Kxe5 46.
Kg5 Kd4 47. Bxg6 Kc3 48. h5 Kxb3 49. h6 Ka4 50. a6 Nxa6 51. h7 b3 52. h8=Q Kb4
53. Qd4 Nc5 54. Kh6 Na4 55. c5+ Ka3 56. c6 1-0

[Event "Gibtelecom AmatWk1 7th"]
[Site "Gibraltar"]
[Date "2009.01.30"]
[Round "5.10"]
[White "Haddock, Paul"]
[Black "Smith, Paul"]
[Result "0-1"]
[WhiteElo "1416"]
[BlackElo "1600"]
[PlyCount "70"]
[EventDate "2009.01.27"]
[EventType "swiss"]
[EventRounds "5"]
[EventCountry "GGB"]
[SourceTitle "BritBase"]
[Source "www.saund.co.uk"]
[SourceDate "2018.02.10"]
[SourceVersion "1"]
[SourceVersionDate "2018.02.10"]
[SourceQuality "1"]

1. e4 d5 2. exd5 Qxd5 3. Nc3 Qa5 4. b4 Qxb4 5. Rb1 Qd6 6. Nf3 c6 7. Bc4 Nf6 8.
O-O e6 9. Re1 Be7 10. d3 O-O 11. a4 Nbd7 12. Qe2 b6 13. Ne4 Nxe4 14. dxe4 Qc7
15. e5 Rd8 16. Bg5 Bxg5 17. Nxg5 Nf8 18. Bd3 Bb7 19. Qh5 h6 20. Nf3 c5 21. Be4
Bd5 22. g4 Qc6 23. Bxd5 exd5 24. h4 Qe6 25. g5 g6 26. Qxh6 Qg4+ 27. Kh2 Qxf3
28. Rg1 Qxf2+ 29. Rg2 Qf4+ 30. Kh1 Qxe5 31. h5 Qg7 32. hxg6 Nxg6 33. Rh2 Qxh6
34. gxh6 Kh7 35. Rf1 Rd7 0-1

[Event "Gibtelecom AmatWk1 7th"]
[Site "Gibraltar"]
[Date "2009.01.30"]
[Round "5.11"]
[White "Socko, Weronika"]
[Black "Coats, Jon R"]
[Result "0-1"]
[WhiteElo "1600"]
[BlackElo "1456"]
[PlyCount "42"]
[EventDate "2009.01.27"]
[EventType "swiss"]
[EventRounds "5"]
[EventCountry "GGB"]
[SourceTitle "BritBase"]
[Source "www.saund.co.uk"]
[SourceDate "2018.02.10"]
[SourceVersion "1"]
[SourceVersionDate "2018.02.10"]
[SourceQuality "1"]

1. e4 e6 2. d4 d5 3. Bd3 Nf6 4. e5 Nfd7 5. Nf3 c5 6. Be3 Qb6 7. b3 Nc6 8. c3
cxd4 9. Bxd4 Nxd4 10. cxd4 Bb4+ 11. Nbd2 Bc3 12. Rc1 Bxd4 13. O-O Nxe5 14. Nxd4
Nxd3 15. Rc3 Qxd4 16. Nb1 Bd7 17. Rxd3 Qf6 18. Rf3 Qe7 19. Re1 O-O 20. Qxd5 Bc6
21. Qd3 Bxf3 0-1

[Event "Gibtelecom AmatWk1 7th"]
[Site "Gibraltar"]
[Date "2009.01.30"]
[Round "5.12"]
[White "McLeod, Paul"]
[Black "Randall, David C"]
[Result "0-1"]
[WhiteElo "1200"]
[BlackElo "1576"]
[PlyCount "70"]
[EventDate "2009.01.27"]
[EventType "swiss"]
[EventRounds "5"]
[EventCountry "GGB"]
[SourceTitle "BritBase"]
[Source "www.saund.co.uk"]
[SourceDate "2018.02.10"]
[SourceVersion "1"]
[SourceVersionDate "2018.02.10"]
[SourceQuality "1"]

1. c4 e5 2. Nc3 d6 3. d3 f5 4. e4 Nf6 5. h3 fxe4 6. dxe4 Be7 7. Be2 O-O 8. Be3
c6 9. Qc2 Be6 10. O-O-O Qa5 11. a3 a6 12. g4 b5 13. Bd2 Qb6 14. Be3 Qb7 15. g5
Ne8 16. Nb1 Nd7 17. b3 d5 18. cxd5 cxd5 19. Kb2 d4 20. Bd2 Rc8 21. Qd3 Nc5 22.
Qg3 Qxe4 23. Bf3 Qd3 24. Be2 Qxg3 25. fxg3 Nxb3 26. Nf3 d3 27. Bxd3 Rxf3 28.
Bc3 Rf2+ 29. Bc2 b4 30. axb4 Bxb4 31. Rd3 Bxc3+ 32. Nxc3 Nd4 33. Rc1 Rxc2+ 34.
Rxc2 Nxc2 35. Kxc2 Bf5 0-1

[Event "Gibtelecom AmatWk1 7th"]
[Site "Gibraltar"]
[Date "2009.01.30"]
[Round "5.14"]
[White "Escandell Atienza, Santiago"]
[Black "Poggio, Freddie"]
[Result "1-0"]
[WhiteElo "1485"]
[BlackElo "1544"]
[PlyCount "79"]
[EventDate "2009.01.27"]
[EventType "swiss"]
[EventRounds "5"]
[EventCountry "GGB"]
[SourceTitle "BritBase"]
[Source "www.saund.co.uk"]
[SourceDate "2018.02.10"]
[SourceVersion "1"]
[SourceVersionDate "2018.02.10"]
[SourceQuality "1"]

1. e4 c5 2. Nf3 d6 3. d4 cxd4 4. Nxd4 Nf6 5. Nc3 a6 6. Be2 e6 7. O-O b5 8. a3
Bb7 9. f3 Be7 10. Be3 O-O 11. Qd3 Nbd7 12. Nb3 Qc7 13. Rfd1 Ne5 14. Qd4 Rad8
15. Qb6 Rd7 16. Na5 Qxb6 17. Bxb6 Ba8 18. Nxb5 axb5 19. Bxb5 Rb7 20. Nxb7 Bxb7
21. a4 d5 22. Bd4 Nc6 23. Bxc6 Bxc6 24. exd5 Bxd5 25. a5 Ne8 26. a6 Bf6 27. b4
Nc7 28. Bxf6 gxf6 29. Rd3 Ra8 30. c4 Rxa6 31. Rxa6 Nxa6 32. cxd5 Nxb4 33. d6
Kf8 34. Rd4 Nc6 35. Rh4 Ke8 36. Rxh7 Nd8 37. h4 Kd7 38. h5 Kxd6 39. h6 e5 40.
Rh8 1-0

[Event "Gibtelecom AmatWk1 7th"]
[Site "Gibraltar"]
[Date "2009.01.30"]
[Round "5.15"]
[White "Cox, Marian"]
[Black "Correa Vargas, Luis"]
[Result "0-1"]
[WhiteElo "1192"]
[BlackElo "1192"]
[PlyCount "62"]
[EventDate "2009.01.27"]
[EventType "swiss"]
[EventRounds "5"]
[EventCountry "GGB"]
[SourceTitle "BritBase"]
[Source "www.saund.co.uk"]
[SourceDate "2018.02.10"]
[SourceVersion "1"]
[SourceVersionDate "2018.02.10"]
[SourceQuality "1"]

1. e4 e5 2. Nf3 Nc6 3. d4 exd4 4. Nxd4 Bc5 5. c3 Nf6 6. Nxc6 bxc6 7. Bd3 d6 8.
Bg5 h6 9. Bh4 Bg4 10. Be2 g5 11. Bxg4 gxh4 12. Bf3 Qb8 13. Qc2 Qb7 14. h3 O-O-O
15. O-O Rde8 16. Nd2 d5 17. Rab1 Kd8 18. b4 Bd6 19. a3 Rhg8 20. Rfe1 Qc8 21.
Kh1 Qe6 22. Re2 Qe5 23. Nf1 dxe4 24. Rbe1 Qg5 25. Qa4 Kd7 26. Bg4+ Nxg4 27.
hxg4 Qxg4 28. g3 hxg3 29. fxg3 Bxg3 30. Nh2 Bxh2 31. Rxh2 Qf3+ 0-1

[Event "Gibtelecom AmatWk1 7th"]
[Site "Gibraltar"]
[Date "2009.01.30"]
[Round "5.16"]
[White "Bath, Tom"]
[Black "Cox, Reginald"]
[Result "1-0"]
[WhiteElo "1192"]
[BlackElo "1088"]
[PlyCount "112"]
[EventDate "2009.01.27"]
[EventType "swiss"]
[EventRounds "5"]
[EventCountry "GGB"]
[SourceTitle "BritBase"]
[Source "www.saund.co.uk"]
[SourceDate "2018.02.10"]
[SourceVersion "1"]
[SourceVersionDate "2018.02.10"]
[SourceQuality "1"]

1. e4 c5 2. f4 d6 3. Nf3 Nc6 4. Bc4 e6 5. O-O g6 6. Nc3 Bg7 7. a3 Nge7 8. d3
O-O 9. Rb1 a6 10. Ne2 b5 11. Ba2 h6 12. Bd2 a5 13. Ng3 b4 14. Qc1 f5 15. Nh4
Nd4 16. c3 Ndc6 17. Qe1 Kh7 18. Kh1 Ba6 19. Qe2 Bf6 20. Nf3 Bc8 21. Rf2 Rb8 22.
Re1 bxa3 23. bxa3 Rb2 24. Bb1 Qb6 25. Qd1 Rb3 26. Qc1 Ba6 27. Rff1 Rb8 28. h3
Rb2 29. Ne2 a4 30. exf5 exf5 31. c4 Qb3 32. Bc3 Bxc3 33. Qxc3 Qxc3 34. Nxc3
R2b3 35. Nd5 Re8 36. Nc7 Reb8 37. Nxa6 R8b7 38. Ne5 dxe5 39. Nxc5 R7b6 40. Nxb3
axb3 41. fxe5 Nd4 42. g4 Ra6 43. Rf4 Ne6 44. Rf2 Rxa3 45. gxf5 gxf5 46. Ref1
Nd4 47. Rb2 Ra1 48. Kg2 Kg6 49. Rf4 Nec6 50. h4 h5 51. c5 Ne6 52. Rf1 Nxe5 53.
d4 Nxd4 54. Bxf5+ Nxf5 55. Rxa1 Ne3+ 56. Kg3 Kf6 1-0

[Event "Gibtelecom AmatWk1 7th"]
[Site "Gibraltar"]
[Date "2009.01.30"]
[Round "5.17"]
[White "Stoop, Michael"]
[Black "Jones, Sidney A"]
[Result "1/2-1/2"]
[WhiteElo "1080"]
[BlackElo "1280"]
[PlyCount "47"]
[EventDate "2009.01.27"]
[EventType "swiss"]
[EventRounds "5"]
[EventCountry "GGB"]
[SourceTitle "BritBase"]
[Source "www.saund.co.uk"]
[SourceDate "2018.02.10"]
[SourceVersion "1"]
[SourceVersionDate "2018.02.10"]
[SourceQuality "1"]

1. d4 d5 2. Nf3 Nf6 3. e3 e6 4. Bd3 c5 5. b3 cxd4 6. exd4 Bd6 7. Bb2 O-O 8. O-O
a6 9. Nbd2 Nc6 10. Re1 b5 11. Ne5 Bb7 12. f4 Rc8 13. Rc1 Nb4 14. a4 Nxd3 15.
Nxd3 Re8 16. Ne5 Re7 17. Ra1 b4 18. Rc1 Rec7 19. Re3 a5 20. c3 bxc3 21. Rexc3
Bb4 22. Rxc7 Rxc7 23. Rxc7 Qxc7 24. Qc1 1/2-1/2

[Event "Gibtelecom AmatWk1 7th"]
[Site "Gibraltar"]
[Date "2009.01.30"]
[Round "5.19"]
[White "Feeney, James"]
[Black "Apps, Ian"]
[Result "1-0"]
[WhiteElo "1080"]
[BlackElo "1064"]
[PlyCount "65"]
[EventDate "2009.01.27"]
[EventType "swiss"]
[EventRounds "5"]
[EventCountry "GGB"]
[SourceTitle "BritBase"]
[Source "www.saund.co.uk"]
[SourceDate "2018.02.10"]
[SourceVersion "1"]
[SourceVersionDate "2018.02.10"]
[SourceQuality "1"]

1. f4 Nc6 2. e3 Nf6 3. Nf3 g6 4. d4 d6 5. Bb5 Bd7 6. O-O Ne4 7. Nbd2 d5 8. Bxc6
Bxc6 9. c3 f6 10. Nxe4 dxe4 11. Nd2 Qd7 12. Qc2 Qd5 13. c4 Qf5 14. d5 Bd7 15.
Qxe4 Qxe4 16. Nxe4 Bf5 17. Nc3 Bd3 18. Re1 Bxc4 19. b3 Ba6 20. e4 O-O-O 21. Bb2
Bh6 22. g3 Rhe8 23. e5 Bf8 24. e6 f5 25. Red1 Bg7 26. Na4 Bh6 27. Be5 Rg8 28.
Kf2 Bg7 29. Rac1 Bxe5 30. fxe5 b6 31. d6 Rgf8 32. Rxc7+ Kb8 33. Rxe7 1-0

[Event "Gibtelecom AmatWk1 7th"]
[Site "Gibraltar"]
[Date "2009.01.30"]
[Round "5.20"]
[White "Apps, Ray"]
[Black "Benson, Nicola"]
[Result "0-1"]
[WhiteElo "1000"]
[BlackElo "813"]
[PlyCount "48"]
[EventDate "2009.01.27"]
[EventType "swiss"]
[EventRounds "5"]
[EventCountry "GGB"]
[SourceTitle "BritBase"]
[Source "www.saund.co.uk"]
[SourceDate "2018.02.10"]
[SourceVersion "1"]
[SourceVersionDate "2018.02.10"]
[SourceQuality "1"]

1. Nf3 Nf6 2. g3 d5 3. Bg2 e6 4. O-O Be7 5. Nc3 O-O 6. d3 c6 7. Bf4 Bd6 8. e3
h6 9. Re1 Qc7 10. h3 Nbd7 11. d4 Ne4 12. Nxe4 dxe4 13. Ng5 hxg5 14. Bxg5 Bxg3
15. fxg3 Qxg3 16. Kh1 Qxg5 17. Bxe4 Nf6 18. Qd3 Qh4 19. Kg2 Nxe4 20. Kf3 f5 21.
Rf1 Bd7 22. b4 Rf6 23. a4 Rg6 24. Rg1 Qf2# 0-1

[Event "Gibtelecom AmatWk2 7th"]
[Site "Gibraltar"]
[Date "2009.02.01"]
[Round "1.1"]
[White "Aagedal, Geir Ole"]
[Black "Socko, Weronika"]
[Result "1-0"]
[WhiteElo "1832"]
[BlackElo "1600"]
[PlyCount "75"]
[EventDate "2009.02.01"]
[EventType "swiss"]
[EventRounds "5"]
[EventCountry "GGB"]
[SourceTitle "BritBase"]
[Source "www.saund.co.uk"]
[SourceDate "2018.02.10"]
[SourceVersion "1"]
[SourceVersionDate "2018.02.10"]
[SourceQuality "1"]

1. c4 e5 2. g3 Nf6 3. Bg2 Be7 4. Nc3 O-O 5. e4 Nc6 6. Nge2 Bc5 7. Nd5 d6 8. O-O
Bg4 9. Kh1 Nd4 10. f3 Bh5 11. d3 c6 12. Nxf6+ Qxf6 13. Nc3 b5 14. cxb5 cxb5 15.
Nd5 Qd8 16. b4 Bb6 17. Be3 a5 18. bxa5 Rxa5 19. Qd2 Ra3 20. Rab1 Ra5 21. Nxb6
Qxb6 22. Bxd4 exd4 23. Rfc1 h6 24. Qb2 f5 25. exf5 Rf6 26. g4 Bf7 27. a3 h5 28.
Qb4 g6 29. a4 Be8 30. f4 hxg4 31. Qe1 Bd7 32. Qe7 Rxf5 33. Qxd7 b4 34. Rc7 Qxc7
35. Qxc7 Rfc5 36. Qxd6 Rh5 37. Qxg6+ Kf8 38. Re1 1-0

[Event "Gibtelecom AmatWk2 7th"]
[Site "Gibraltar"]
[Date "2009.02.01"]
[Round "1.2"]
[White "Chidi, Lovinia Sylvia"]
[Black "Hashimov, Gasim"]
[Result "0-1"]
[WhiteElo "1588"]
[BlackElo "1810"]
[PlyCount "123"]
[EventDate "2009.02.01"]
[EventType "swiss"]
[EventRounds "5"]
[EventCountry "GGB"]
[SourceTitle "BritBase"]
[Source "www.saund.co.uk"]
[SourceDate "2018.02.10"]
[SourceVersion "1"]
[SourceVersionDate "2018.02.10"]
[SourceQuality "1"]

1. d4 e6 2. Nf3 d5 3. g3 c5 4. c3 Nc6 5. Bg2 Nf6 6. O-O b6 7. Bg5 Be7 8. Re1
O-O 9. h3 Bb7 10. Nbd2 h6 11. Be3 Bd6 12. Nf1 Rc8 13. Rc1 Ne7 14. a3 Nf5 15.
N3h2 e5 16. dxc5 bxc5 17. c4 Be7 18. Bd2 Qb6 19. cxd5 e4 20. Bc3 Nxd5 21. Qc2
Nxc3 22. bxc3 Qe6 23. e3 Nd6 24. c4 f5 25. Nd2 Nf7 26. Rb1 Bc6 27. f3 Qg6 28.
g4 fxg4 29. fxg4 Ng5 30. Rf1 Qe6 31. Rxf8+ Rxf8 32. Rf1 Nf3+ 33. Kh1 Nxh2 34.
Kxh2 Qe5+ 35. Kg1 Rxf1+ 36. Nxf1 Bg5 37. Kf2 Bh4+ 38. Ke2 Bf6 39. Kf2 Qb2 40.
Qxb2 Bxb2 41. Nd2 Bxa3 42. Nxe4 Kf8 43. Ke2 g5 44. Kd3 Kf7 45. Bf1 Ke6 46. Nf2
a5 47. Nd1 a4 48. Nc3 Bc1 49. Na2 Bb2 50. Kc2 a3 51. Nc3 Ke5 52. Kb3 Bc1 53.
Nb5 Bxe3 54. Nxa3 Kf4 55. Nc2 Bf2 56. Kc3 Kg3 57. Kd2 Be4 58. Na3 Bg2 59. Bxg2
Kxg2 60. Ke2 Bg1 61. Nb5 Kxh3 62. Kf3 0-1

[Event "Gibtelecom AmatWk2 7th"]
[Site "Gibraltar"]
[Date "2009.02.01"]
[Round "1.3"]
[White "Yarur Elsaca, Daniel"]
[Black "Randall, David C"]
[Result "0-1"]
[WhiteElo "1805"]
[BlackElo "1576"]
[PlyCount "85"]
[EventDate "2009.02.01"]
[EventType "swiss"]
[EventRounds "5"]
[EventCountry "GGB"]
[SourceTitle "BritBase"]
[Source "www.saund.co.uk"]
[SourceDate "2018.02.10"]
[SourceVersion "1"]
[SourceVersionDate "2018.02.10"]
[SourceQuality "1"]

1. e4 c5 2. c3 Nf6 3. e5 Nd5 4. d4 cxd4 5. Nf3 e6 6. cxd4 b6 7. Bc4 Bb7 8. O-O
d6 9. Nc3 Nxc3 10. bxc3 d5 11. Bd3 Be7 12. Qc2 h6 13. Be3 O-O 14. Bh7+ Kh8 15.
Bd3 Ba6 16. c4 Bxc4 17. Bxc4 dxc4 18. Qxc4 Nd7 19. Qd3 Rc8 20. h3 Qc7 21. Rac1
Qb7 22. Nh2 Rxc1 23. Bxc1 Qd5 24. a3 Nxe5 25. Qe2 Nc4 26. Nf3 Rc8 27. Qc2 Nd6
28. Qa4 Qb7 29. Ne5 Kg8 30. f3 b5 31. Qb3 Qd5 32. Qd3 Nf5 33. Bb2 Nd6 34. Kh1
Nc4 35. Qc3 Qb7 36. Rc1 Nd6 37. Nc6 Bf6 38. Qc5 Nc4 39. Na5 Rxc5 40. Nxb7 Rd5
41. Bc3 Bxd4 42. Bb4 Bb2 43. Rb1 {illegible} 0-1

[Event "Gibtelecom AmatWk2 7th"]
[Site "Gibraltar"]
[Date "2009.02.01"]
[Round "1.4"]
[White "Viera Falcon, Cristo"]
[Black "Poggio, Freddie"]
[Result "0-1"]
[WhiteElo "1750"]
[BlackElo "1544"]
[PlyCount "93"]
[EventDate "2009.02.01"]
[EventType "swiss"]
[EventRounds "5"]
[EventCountry "GGB"]
[SourceTitle "BritBase"]
[Source "www.saund.co.uk"]
[SourceDate "2018.02.10"]
[SourceVersion "1"]
[SourceVersionDate "2018.02.10"]
[SourceQuality "1"]

1. d4 Nf6 2. c4 c5 3. d5 e6 4. Nc3 exd5 5. cxd5 d6 6. e4 g6 7. h3 Bg7 8. Nf3
O-O 9. Bg5 Re8 10. Bd3 a6 11. Rc1 b5 12. b3 h6 13. Bxf6 Bxf6 14. O-O Nd7 15.
Qd2 Kh7 16. Nh2 Ne5 17. Kh1 b4 18. Na4 Bd7 19. Bb1 Bb5 20. Rg1 Ra7 21. Nb2 Rae7
22. f4 Nd7 23. Nf3 Bc3 24. Qf2 Nf6 25. Nd1 Nxe4 26. Bxe4 Rxe4 27. Nxc3 bxc3 28.
f5 Qf6 29. a4 Re2 30. fxg6+ fxg6 31. Ng5+ Kg7 32. Qxf6+ Kxf6 33. Ne6 Bd7 34.
Rgf1+ Ke7 35. Nf4 Re3 36. Nxg6+ Kd8 37. Kh2 c2 38. Rxc2 Rxb3 39. Rf7 a5 40.
Rcf2 Rb4 41. R2f6 Rb6 42. Nf8 Bxa4 43. Ra7 Re7 44. Ne6+ Rxe6 45. dxe6 Bc6 46.
Rf8+ Be8 47. Ra8+ 0-1